Wastewater engineering: collection, treatment, disposal (Record no. 331904)

000 -LEADER
fixed length control field 01126cam a2200301 4500
001 - CONTROL NUMBER
control field 4582944
003 - CONTROL NUMBER IDENTIFIER
control field NUST
005 - DATE AND TIME OF LATEST TRANSACTION
control field 20171101141819.0
008 - FIXED-LENGTH DATA ELEMENTS--GENERAL INFORMATION
fixed length control field 720323s1972 nyua b 001 0 eng
010 ## - LIBRARY OF CONGRESS CONTROL NUMBER
LC control number 75172262
020 ## - INTERNATIONAL STANDARD BOOK NUMBER
International Standard Book Number 0070416753
020 ## - INTERNATIONAL STANDARD BOOK NUMBER
International Standard Book Number 0070416761 (Solutions manual)
040 ## - CATALOGING SOURCE
Original cataloging agency DLC
Transcribing agency DLC
Modifying agency DLC
050 00 - LIBRARY OF CONGRESS CALL NUMBER
Classification number TD645
Item number .M57
082 00 - DEWEY DECIMAL CLASSIFICATION NUMBER
Classification number 628.3 EDD
110 2# - MAIN ENTRY--CORPORATE NAME
Corporate name or jurisdiction name as entry element Metcalf & Eddy.
9 (RLIN) 5817
245 10 - TITLE STATEMENT
Title Wastewater engineering: collection, treatment, disposal
Statement of responsibility, etc. [by] Metcalf & Eddy, inc.
260 ## - PUBLICATION, DISTRIBUTION, ETC.
Place of publication, distribution, etc. New York,
Name of publisher, distributor, etc. McGraw-Hill
Date of publication, distribution, etc. [1972]
300 ## - PHYSICAL DESCRIPTION
Extent xiii, 782 p.
Other physical details illus.
Dimensions 23 cm.
490 0# - SERIES STATEMENT
Series statement McGraw-Hill series in water resources and environmental engineering
500 ## - GENERAL NOTE
General note Accompanied by "Solutions manual, prepared by George Tchobanoglous" (102 p. illus. 23 cm.) published: New York, McGraw-Hill [1972].
501 ## - WITH NOTE
With note H.B
504 ## - BIBLIOGRAPHY, ETC. NOTE
Bibliography, etc. note Includes bibliographies.
650 #0 - SUBJECT ADDED ENTRY--TOPICAL TERM
Topical term or geographic name entry element Sewerage.
9 (RLIN) 5193
650 #0 - SUBJECT ADDED ENTRY--TOPICAL TERM
Topical term or geographic name entry element Sewage disposal.
9 (RLIN) 392
700 1# - ADDED ENTRY--PERSONAL NAME
Personal name Tchobanoglous, George.
9 (RLIN) 4906
906 ## - LOCAL DATA ELEMENT F, LDF (RLIN)
a 7
b cbc
c orignew
d 2
e ncip
f 19
g y-gencatlg
942 ## - ADDED ENTRY ELEMENTS (KOHA)
Source of classification or shelving scheme
Koha item type Book
Call number prefix IESE
Holdings
Withdrawn status Lost status Source of classification or shelving scheme Damaged status Not for loan Collection code Permanent Location Current Location Shelving location Date acquired Total Checkouts Full call number Barcode Date last seen Price effective from Koha item type
            Institute of Environmental Science and Engineering (IESE) Institute of Environmental Science and Engineering (IESE) General Stacks 11/01/2017   628.3 EDD IESE-220 11/01/2017 11/01/2017 Book
© 2023 Central Library, National University of Sciences and Technology. All Rights Reserved.